| 000 | 00348nam a2200145Ia 4500 | ||
|---|---|---|---|
| 008 | 230917s9999||||xx |||||||||||||| ||und|| | ||
| 040 |
_e117285 _aMAIN |
||
| 041 | _aEnglish | ||
| 082 | _a616.89140835 J733A | ||
| 100 | _aJongsma, Arthur E | ||
| 245 | 0 | _aAdolescent psychotherapy | |
| 260 |
_aNew York _bwiley |
||
| 300 | _a364p p. | ||
| 942 | _cBK | ||
| 999 |
_c122818 _d122818 |
||